<?xml version="1.0" encoding="UTF-8"?>
<record
    xmlns:xsi="http://www.w3.org/2001/XMLSchema-instance"
    xsi:schemaLocation="http://www.loc.gov/MARC21/slim http://www.loc.gov/standards/marcxml/schema/MARC21slim.xsd"
    xmlns="http://www.loc.gov/MARC21/slim">

  <leader>03174nmm a2200349   4500</leader>
  <controlfield tag="001">57607</controlfield>
  <controlfield tag="003">Biblioteca APEC</controlfield>
  <controlfield tag="005">20251014134039.0</controlfield>
  <controlfield tag="008">210730b2018    dr ||||| |||| 00| 0 spa d</controlfield>
  <datafield tag="040" ind1=" " ind2=" ">
    <subfield code="c">Biblioteca APEC</subfield>
  </datafield>
  <datafield tag="041" ind1=" " ind2=" ">
    <subfield code="a">spa</subfield>
  </datafield>
  <datafield tag="072" ind1=" " ind2=" ">
    <subfield code="a">Facultad de Humanidades</subfield>
  </datafield>
  <datafield tag="090" ind1=" " ind2=" ">
    <subfield code="a">eT TPG C1 MMM 02 2018</subfield>
  </datafield>
  <datafield tag="100" ind1="1" ind2=" ">
    <subfield code="a">Acevedo Fuentes, Yubelkis </subfield>
    <subfield code="e">autor</subfield>
    <subfield code="9">89647</subfield>
  </datafield>
  <datafield tag="245" ind1="1" ind2="0">
    <subfield code="a">Dise&#xF1;o y evaluaci&#xF3;n por competencias en estad&#xED;stica de primero de secundaria. Centro
Educativo Joaqu&#xED;n Garc&#xED;a, Las Yayas, La Vega /</subfield>
    <subfield code="c">Yubelkis Acevedo Fuentes ; asesor: Santiago de Jes&#xFA;s Artidiello Moreno</subfield>
  </datafield>
  <datafield tag="260" ind1=" " ind2=" ">
    <subfield code="a">Santo Domingo :</subfield>
    <subfield code="b">Universidad APEC,</subfield>
    <subfield code="c">2018</subfield>
  </datafield>
  <datafield tag="300" ind1=" " ind2=" ">
    <subfield code="a">1 CD ROM</subfield>
  </datafield>
  <datafield tag="336" ind1=" " ind2=" ">
    <subfield code="a">Texto</subfield>
    <subfield code="b">txt</subfield>
    <subfield code="2">rdacontent</subfield>
  </datafield>
  <datafield tag="337" ind1=" " ind2=" ">
    <subfield code="a">ordenador</subfield>
    <subfield code="b">c</subfield>
    <subfield code="2">rdamedia</subfield>
  </datafield>
  <datafield tag="338" ind1=" " ind2=" ">
    <subfield code="a">recurso en l&#xED;nea</subfield>
    <subfield code="b">cr</subfield>
    <subfield code="2">rdacarrier</subfield>
  </datafield>
  <datafield tag="500" ind1=" " ind2=" ">
    <subfield code="a">CAMPUS I</subfield>
  </datafield>
  <datafield tag="500" ind1=" " ind2=" ">
    <subfield code="a">Tesis en Formato PDF.
Tesis en Formato Electr&#xF3;nico.
Tesis en formato digital.</subfield>
  </datafield>
  <datafield tag="502" ind1=" " ind2=" ">
    <subfield code="a">Tesis (Maestr&#xED;a en la Ense&#xF1;anza de Matem&#xE1;tica
Media-Superior) - Universidad APEC, 2018</subfield>
  </datafield>
  <datafield tag="504" ind1=" " ind2=" ">
    <subfield code="a">Incluye referencias bibliogr&#xE1;ficas e &#xED;ndice</subfield>
  </datafield>
  <datafield tag="520" ind1=" " ind2=" ">
    <subfield code="a">La ense&#xF1;anza de la matem&#xE1;tica espec&#xED;ficamente de la estad&#xED;stica es un
ensayo prolongado que durante el proceso mismo. Es un desaf&#xED;o que se
experimenta para llegar a la reflexi&#xF3;n del discurso formal. Su metodolog&#xED;a no
tiene est&#xE1;ndares universales. Sin embargo, en la presente investigaci&#xF3;n nos
daremos cuenta de las dificultades que repercuten en el aprendizaje en el &#xE1;rea
de estad&#xED;stica en los estudiantes de primero de secundaria del Centro
Educativo Joaqu&#xED;n Garc&#xED;a, Las Yayas, La Vega, ya que han llevado al
estudiante a que vean la estad&#xED;stica como algo abstracto, dif&#xED;cil, lejano, duro y
pr&#xE1;cticamente inalcanzable.
Lo que genera una de las principales dificultades que se han reportado en el
estudio de la estad&#xED;stica, es que los estudiantes no llegan a entender y manejar
adecuadamente los conceptos estad&#xED;sticos, el uso e interpretaci&#xF3;n de gr&#xE1;ficos
en el tratamiento de la informaci&#xF3;n.
Las dificultades que los estudiantes presentan durante la contextualizaci&#xF3;n de
la estad&#xED;stica, es que se presentan los aspectos a considerar en la elaboraci&#xF3;n
de una propuesta did&#xE1;ctica de aprendizaje que influyen en el rendimiento
acad&#xE9;mico del &#xE1;rea de estad&#xED;stica, en los estudiantes de primero de
secundaria, del centro educativo Joaqu&#xED;n Garc&#xED;a.
La investigaci&#xF3;n est&#xE1; formada por actividades, que est&#xE1;n enfocadas hacia el
manejo de una evaluaci&#xF3;n por competencia, siguiendo los est&#xE1;ndares
establecidos en el Ministerio de Educaci&#xF3;n y los lineamientos curriculares.
Esta propuesta busca utilizar una de las herramientas que utilizan los j&#xF3;venes
com&#xFA;nmente, como es el computador, para facilitar el proceso de ense&#xF1;anza
aprendizaje de la estad&#xED;stica.</subfield>
  </datafield>
  <datafield tag="650" ind1=" " ind2="7">
    <subfield code="a">Matem&#xE1;ticas</subfield>
    <subfield code="x">Ense&#xF1;anza</subfield>
    <subfield code="9">89649</subfield>
    <subfield code="2">lemb</subfield>
  </datafield>
  <datafield tag="650" ind1=" " ind2="7">
    <subfield code="a">Pedagog&#xED;a</subfield>
    <subfield code="9">89654</subfield>
    <subfield code="2">lemb</subfield>
  </datafield>
  <datafield tag="700" ind1="1" ind2=" ">
    <subfield code="a">Artidiello Moreno, Santiago de Jes&#xFA;s </subfield>
    <subfield code="e">asesor</subfield>
    <subfield code="9">76989</subfield>
  </datafield>
  <datafield tag="856" ind1=" " ind2=" ">
    <subfield code="u">https://bibliotecaunapec.blob.core.windows.net/tesis/TPG_C1_MMM_14_2018_eT220209.pdf</subfield>
    <subfield code="y">Hacer clic para ver el&#xA0;PDF&#xA0;(1.26 MB). Trabajo de posgrado</subfield>
  </datafield>
  <datafield tag="912" ind1=" " ind2=" ">
    <subfield code="a">NBM</subfield>
    <subfield code="b">AJIM</subfield>
  </datafield>
  <datafield tag="942" ind1=" " ind2=" ">
    <subfield code="2">ddc</subfield>
    <subfield code="c">E-TES</subfield>
  </datafield>
  <datafield tag="999" ind1=" " ind2=" ">
    <subfield code="c">14458</subfield>
    <subfield code="d">14458</subfield>
  </datafield>
</record>
